000
00333nam a2200133Ia 4500
008
210716s2003 xx 000 0 und d
041
_a
eng
082
_a
174.936 CHEF
100
_a
Cherunilam, Francis.
245
_a
Business and govenment.
250
_a
1
260
_a
Bangalore
_b
Himalaya Publishing House
_c
2003
300
_a
424
999
_c
199748
_d
199748